000 00290nam a2200109Ia 4500
008 220216s9999 xx 000 0 und d
245 0 _aRubber Board of India
260 _bPlantation Co-ordination Committee (PCC) Newsletter
_c2016
300 _a5-Apr
650 _aRubber Board
942 _cJS
999 _c67486
_d67486